00791 a2200205 4500999001900000005001700019010001500036020003000051035001400081037001300095082001500108100001600123245008800139260006100227270008500288300002600373700001900399942003100418952013600449 c183215d18321520211220165455.0 aENG-130441 a978-93-89811-67-4c650.00 aEN-113973 bDBAD/PUB a346.540b1 aTulsian, PC aBusiness Laws:cPC Tulsian, Bharat TulsianbFor CA Foundation Course (New Syllabus) aTamill NadubMcGraw Hill Education Private Limitedc2021 a444/1, Sri Ekambara Naicker Industrial Estate, Alapakkam, PorurbChennaie600116 aAPP5.19p.c22cm (pbk) aBharat Tulsian adplcEN2ddch346.540mTUL 001040708NFICaLbLd2021-12-20eDBAD/PUBg650.00l9m10o346.540 TULpEN-113973r2025-10-29 00:00:00s2025-10-10t1v650.00yEN